000 00777nam a2200193Ii 4500
003 JO-AjNU
008 230605s9999||||xx |||||||||||||| ||und||
017 _a1771/5/2000
040 _aJO-AjNU
_bara
_erda
_cJO-AjNU
041 _aara
050 1 4 _aK3611.M3738.2000
100 3 _aالمصاروه، هيثم حامد,
_eauthor
_953021
245 0 0 _aالتنظيم القانوني لعمليات زرع الأعضاء البشرية : دراسة مقارنة في القانون المدني والفقه الإسلامي
264 3 1 _aعمان : دار المناهج، 2000
300 _a235ص
_bيشتمل على مراجع ببلوغرافية ص (209-235)
336 _atext
_btxt
_2rdacontent
337 _aunmediated
_bn
_2rdamedia
338 _avolume
_bnc
_2rdacarrier
999 _aA23522
_c27090
_d27090